000 00495cam a22001812 4500
001 0000000474
005 20170406112633.0
008 131111s xx 000 0 eng d
020 _c$
040 _aYour Holding Symbol
_cYour Holding Symbol
100 1 _aWilson,Rowan John.
245 1 4 _aThe mind /
_cJohn Rowan Wilson.
250 _a ed.
260 _anew york :
_bTime incorporated,
_c1964.
300 _a199 p. :
_bill ;
_c cm.
650 0 _apsychology.
908 _a131111
999 _c403
_d403